00600 2200181 4500001002100000005001500021035002000036007000300056008003900059082001200098084001800110100001700128245013800145260007100283300004000354650001100394022001300405INLIS00000000000064220240801024827 a0010-0824000007ta240801 | | |  a630.205 a630.205 ARI i0 aArifin Fahmi1 aIndigenous technology of Banjarese-local rice cultivation system; a lesson learned for acid sulphate soils management /cArifin Fahmi aChile, Chillán :bChilean Journal of Agricultural Research,c2024 a562-574 :bilus, ;c21 cm X 29,5 cm 4aJurnal a07185820